Introduction to computing

Saved in:
Bibliographic Details
Main Author: Greenfield, Peter
Format: Book
Language:English
Published: London : McGraw-Hall, c1992
Subjects:
Tags: Add Tag
No Tags, Be the first to tag this record!

MARC

LEADER 00000nam a2200000 i 4500
001 1/99366
008 000127s1992 eng d
020 |a 0-07-707419-X 
035 |l 10056855 
040 |a GR-MY-UA  |b gre  |e aacr 
041 0 |a eng 
082 0 |a 004 
100 1 |a Greenfield, Peter. 
245 1 0 |a Introduction to computing /  |c Peter Greenfield 
260 |a London :   |b McGraw-Hall,   |c c1992 
300 |a 258 p.  |b fig. 
504 |a Includes bibliographical references and index 
650 0 0 |a Computers. 
852 |a INST  |b LESVOS  |e 20000127  |h 004 GRE  |p 005100021831  |q 005100021831  |t BK  |y 0 
901 |a BIBL1-2000-1 
909 |a Λ  |b 070390 
922 |a 1ΕΛΗ  |b 199911  |c ΚΠΣ/ΤΓ  |d LEADER 
950 |a 118-1999-09-03 
970 |a ΜΟΥΣΤΑΚΑ  |b ΠΗΝΕΛΟΠΗ  |z 2000/02/07